| 000 -LEADER |
| fixed length control field |
00679cam a2200205Ka 4500 |
| 020 ## - INTERNATIONAL STANDARD BOOK NUMBER |
| ISBN |
0314141162 (student text) |
| 020 ## - INTERNATIONAL STANDARD BOOK NUMBER |
| ISBN |
0314141170 (teacher's edition) |
| 020 ## - INTERNATIONAL STANDARD BOOK NUMBER |
| ISBN |
0538427701 (handbook) |
| 020 ## - INTERNATIONAL STANDARD BOOK NUMBER |
| ISBN |
0538427698 (great trials) |
| 040 ## - CATALOGING SOURCE |
| Transcribing agency |
UUA |
| 082 ## - DEWEY DECIMAL CLASSIFICATION NUMBER |
| Classification number |
320 WES 1999 A076 Or. |
| 100 1# - MAIN ENTRY--AUTHOR NAME |
| Personal name |
Miller, Roger LeRoy |
| 245 10 - TITLE STATEMENT |
| Title |
West's American government |
| 250 ## - EDITION STATEMENT |
| Edition statement |
Second ed |
| 260 ## - PUBLICATION, DISTRIBUTION, ETC. (IMPRINT) |
| Place of publication |
Cincinnati : |
| Name of publisher |
West Educational Publishing, |
| Year of publication |
c1999 |
| 300 ## - PHYSICAL DESCRIPTION |
| Number of Pages |
xxii, 855 p. : |
| Other physical details |
ill. (some col.), col. maps ; |
| Dimensions |
26-28 cm. + |
| Accompanying material |
teacher's edition + supplemental resource books |
| 500 ## - GENERAL NOTE |
| General note |
Includes index |
| 710 2# - ADDED ENTRY--CORPORATE NAME |
| Corporate name or jurisdiction name as entry element |
West Educational Publishing Company |
| 942 ## - ADDED ENTRY ELEMENTS (KOHA) |
| Koha item type |
សៀវភៅភាសាអង់គ្លេស |
| 952 ## - LOCATION AND ITEM INFORMATION (KOHA) |
| Withdrawn status [LOCAL, KOHA] |
0 |